000 00483nam a2200181Ia 4500
005 20250508152156.0
008 008 250505s9999 xx 000 0 hin d
037 _aTextual
040 _aFEDL
_beng
_cFEDL
041 _ahin
_2eng
084 _a294.3, SEV
_qFEDL
100 _aSevak Ram
_9760964
245 0 _aBhagwan Buddha ka sandesh
260 _aMeerut, India
_bAnu Prakashan
_c1955
300 _a32p
942 _cTEXL
_h294.3, SEV
999 _c1334768
_d1334768